Coaching manager : (Record no. 207886)
[ view plain ]
| 000 -LEADER | |
|---|---|
| fixed length control field | 00763nam a2200229Ia 4500 |
| 005 - DATE AND TIME OF LATEST TRANSACTION | |
| control field | 20220614155906.0 |
| 008 - FIXED-LENGTH DATA ELEMENTS--GENERAL INFORMATION | |
| fixed length control field | 210716s2010 xx 000 0 und d |
| 020 ## - INTERNATIONAL STANDARD BOOK NUMBER | |
| International Standard Book Number | 9788132105695 |
| 040 ## - CATALOGING SOURCE | |
| Transcribing agency | AIMIT LIBRARY |
| 041 ## - LANGUAGE CODE | |
| Language code of text/sound track or separate title | eng |
| 082 ## - DEWEY DECIMAL CLASSIFICATION NUMBER | |
| Classification number | 658.3124 |
| Edition number | 1 |
| Item number | HUNJ |
| 100 ## - MAIN ENTRY--PERSONAL NAME | |
| Personal name | Hunt, James M. |
| 9 (RLIN) | 42349 |
| 245 ## - TITLE STATEMENT | |
| Title | Coaching manager : |
| Remainder of title | developing top talent in business / |
| Statement of responsibility, etc. | By James M Hunt and Joseph R Weintraub. |
| 250 ## - EDITION STATEMENT | |
| Edition statement | 2nd ed. |
| 260 ## - PUBLICATION, DISTRIBUTION, ETC. | |
| Place of publication, distribution, etc. | New Delhi : |
| Name of publisher, distributor, etc. | Sage Publications , |
| Date of publication, distribution, etc. | 2010. |
| 300 ## - PHYSICAL DESCRIPTION | |
| Extent | xix, 304p. ; |
| Dimensions | 23.5 cm. |
| 650 ## - SUBJECT ADDED ENTRY--TOPICAL TERM | |
| Topical term or geographic name entry element | An overview of developmental coaching |
| 9 (RLIN) | 42350 |
| 650 ## - SUBJECT ADDED ENTRY--TOPICAL TERM | |
| Topical term or geographic name entry element | The coachable learner |
| 9 (RLIN) | 42351 |
| 650 ## - SUBJECT ADDED ENTRY--TOPICAL TERM | |
| Topical term or geographic name entry element | The coaching mirror |
| 9 (RLIN) | 42352 |
| 700 ## - ADDED ENTRY--PERSONAL NAME | |
| Personal name | Weintraub, Joseph R. |
| 9 (RLIN) | 42353 |
| 942 ## - ADDED ENTRY ELEMENTS (KOHA) | |
| Source of classification or shelving scheme | Dewey Decimal Classification |
| Koha item type | Book |
| Edition | 2nd |
| Call number prefix | 658.3124 HUNJ |
| Withdrawn status | Lost status | Source of classification or shelving scheme | Damaged status | Not for loan | Collection code | Home library | Current library | Date acquired | Cost, normal purchase price | Inventory number | Total Checkouts | Full call number | Barcode | Date last seen | Cost, replacement price | Price effective from | Koha item type |
|---|---|---|---|---|---|---|---|---|---|---|---|---|---|---|---|---|---|
| Dewey Decimal Classification | MBA | St Aloysius Institute of Management & Information Technology | St Aloysius Institute of Management & Information Technology | 02/04/2013 | 395.00 | Bill no:304; Bill dt:2013-01-29 | 658.3124 HUNJ | MBA10452 | 05/23/2026 | 296.25 | 07/16/2021 | Book | |||||
| Dewey Decimal Classification | MBA | St Aloysius Institute of Management & Information Technology | St Aloysius Institute of Management & Information Technology | 11/09/2019 | 995.00 | Bill no:RTPL/AIMIT/236; Bill dt: | 658.3124 HUNJ | MBA13940 | 05/23/2026 | 796.00 | 07/16/2021 | Book |